|
|
|
|
| LEADER |
00000naa2a2200000 4500 |
| 001 |
209190 |
| 005 |
20231031191653.0 |
| 035 |
|
|
|a (RuTPU)RU\TPU\book\228513
|
| 090 |
|
|
|a 209190
|
| 100 |
|
|
|a 20120209d2004 k y0rusy50 ca
|
| 101 |
0 |
|
|a rus
|
| 102 |
|
|
|a RU
|
| 200 |
1 |
|
|a Оценка запаса цезия-137 в приповерхностном слое почвы Томской области
|f Ю. М. Лысков, Ю. А. Громов
|
| 320 |
|
|
|a Библиогр.: 3 назв.
|
| 463 |
|
0 |
|0 (RuTPU)RU\TPU\book\75442
|y 5-9900248-5-1
|t Радиоактивность и радиоактивные элементы в среде обитания человека
|o материалы II Международной конференции, г. Томск, 18-22 октября 2004 г.
|f Томский политехнический университет; Академия наук РФ; Объединенный институт геологии, геофизики и минералогии СО РАН; под ред. Л. П. Рихванова
|v С. 329-330
|d 2004
|p 772 с.
|
| 610 |
1 |
|
|a цезий
|
| 610 |
1 |
|
|a цезий-137
|
| 610 |
1 |
|
|a запасы
|
| 610 |
1 |
|
|a оценка
|
| 610 |
1 |
|
|a почва
|
| 610 |
1 |
|
|a приповерхностные слои
|
| 610 |
1 |
|
|a Томская область
|
| 610 |
1 |
|
|a пробы
|
| 610 |
1 |
|
|a схемы
|
| 610 |
1 |
|
|a Асиновский район
|
| 610 |
1 |
|
|a труды учёных ТПУ
|
| 700 |
|
1 |
|a Лысков
|b Ю. М.
|
| 701 |
|
1 |
|a Громов
|b Ю. А.
|
| 801 |
|
1 |
|a RU
|b 63413507
|c 20120209
|
| 942 |
|
|
|c BK
|